<?xml version="1.0" encoding="UTF-8"?>
<collection xmlns="http://www.loc.gov/MARC21/slim">
    <record>
        <controlfield tag="001">38140</controlfield>
        <controlfield tag="005">20170831220912.0</controlfield>
        <datafield tag="037" ind1=" " ind2=" ">
            <subfield code="a">GDOC-2013-0932</subfield>
        </datafield>
        <datafield tag="041" ind1=" " ind2=" ">
            <subfield code="a">spa</subfield>
        </datafield>
        <datafield tag="100" ind1=" " ind2=" ">
            <subfield code="0">(orcid)0000-0002-9531-1586</subfield>
            <subfield code="a">Zapata Abad, María Antonia</subfield>
        </datafield>
        <datafield tag="245" ind1="0" ind2="0">
            <subfield code="9">27211</subfield>
            <subfield code="a">Estadística e informática</subfield>
        </datafield>
        <datafield tag="260" ind1=" " ind2=" ">
            <subfield code="a">Zaragoza</subfield>
            <subfield code="b">Universidad de Zaragoza</subfield>
            <subfield code="c">2013-2014</subfield>
        </datafield>
        <datafield tag="520" ind1=" " ind2=" ">
            <subfield code="a">La asignatura Estadística e Informática se encuadra en el módulo básico. Es de carácter obligatorio y se imparte en el primer semestre del segundo curso del grado. Su carga lectiva es de 6 ECTS (25 horas de clases teóricas presenciales, 35 horas de clases prácticas presenciales en grupos reducidos y 90 horas de trabajo personal y tutorías). Su objetivo general es el de dotar a los estudiantes de algunos conocimientos básicos de Estadística e Informática, especialmente aquellos más directamente relacionados con el aprendizaje de la Química, que serán necesarios en otras asignaturas del grado así como en su futura vida profesional.</subfield>
        </datafield>
        <datafield tag="521" ind1=" " ind2=" ">
            <subfield code="9">127</subfield>
            <subfield code="a">Graduado en Química</subfield>
        </datafield>
        <datafield tag="540" ind1=" " ind2=" ">
            <subfield code="a">by-nc-sa</subfield>
            <subfield code="b">Creative Commons</subfield>
            <subfield code="c">3.0</subfield>
            <subfield code="u">http://creativecommons.org/licenses/by-nc-sa/3.0/</subfield>
        </datafield>
        <datafield tag="700" ind1=" " ind2=" ">
            <subfield code="0">(orcid)0000-0002-0048-3036</subfield>
            <subfield code="a">Ciria Cosculluela, José Carlos</subfield>
        </datafield>
        <datafield tag="700" ind1=" " ind2=" ">
            <subfield code="0">(orcid)0000-0003-1526-9742</subfield>
            <subfield code="a">Lloret Gazo, Jorge</subfield>
        </datafield>
        <datafield tag="700" ind1=" " ind2=" ">
            <subfield code="0">(orcid)0000-0002-7099-7665</subfield>
            <subfield code="a">Sangüesa Lafuente, Carmen</subfield>
        </datafield>
        <datafield tag="700" ind1=" " ind2=" ">
            <subfield code="0">(orcid)0000-0002-9052-9674</subfield>
            <subfield code="a">Cebrián Guajardo, Ana Carmen</subfield>
        </datafield>
        <datafield tag="700" ind1=" " ind2=" ">
            <subfield code="0">(orcid)0000-0002-7974-7435</subfield>
            <subfield code="a">Abaurrea León, Jesús María</subfield>
        </datafield>
        <datafield tag="830" ind1=" " ind2=" ">
            <subfield code="9">452</subfield>
        </datafield>
        <datafield tag="856" ind1="4" ind2=" ">
            <subfield code="s">109256</subfield>
            <subfield code="u">http://zaguan.unizar.es/record/38140/files/guia.pdf</subfield>
            <subfield code="y">Guía (idioma español)</subfield>
        </datafield>
        <datafield tag="980" ind1=" " ind2=" ">
            <subfield code="a">GDOC</subfield>
            <subfield code="b">Ciencias</subfield>
            <subfield code="c">100</subfield>
        </datafield>
    </record>

    
</collection>